LEADER 02760oam 2200841 450 001 9910708061603321 005 20200511150742.0 035 $a(CKB)5470000002469962 035 $a(OCoLC)642068677 035 $a(EXLCZ)995470000002469962 100 $a20100129d2009 ua 0 101 0 $aeng 135 $aur||||||||||| 181 $ctxt$2rdacontent 182 $cc$2rdamedia 183 $acr$2rdacarrier 200 10$aWaste to watts and water $eenabling self-contained facilities using mircrobial fuel cells /$fAmanda Sue Birch 210 1$aMaxwell Air Force Base, Alabama :$cAir University Press,$d2009. 215 $a1 online resource (vii, 78 pages) $cillustrations 225 1 $aAir Command and Staff College Wright flyer paper ;$vno. 37 300 $a"March 2009." 320 $aIncludes bibliographical references (pages 63-78). 517 $aWaste to watts and water 606 $aMicrobial fuel cells 606 $aMicrobial biotechnology 606 $aBiomass energy$xGovernment policy$zUnited States 606 $aRenewable energy sources$xGovernment policy$zUnited States 606 $aSustainable buildings$xGovernment policy$zUnited States 606 $aSewage$xPurification 606 $aArmed Forces$xFacilities$2fast 606 $aBiomass energy$xGovernment policy$2fast 606 $aMicrobial biotechnology$2fast 606 $aMicrobial fuel cells$2fast 606 $aRenewable energy sources$xGovernment policy$2fast 606 $aSewage$xPurification$2fast 607 $aUnited States$2fast 615 0$aMicrobial fuel cells. 615 0$aMicrobial biotechnology. 615 0$aBiomass energy$xGovernment policy 615 0$aRenewable energy sources$xGovernment policy 615 0$aSustainable buildings$xGovernment policy 615 0$aSewage$xPurification. 615 7$aArmed Forces$xFacilities. 615 7$aBiomass energy$xGovernment policy. 615 7$aMicrobial biotechnology. 615 7$aMicrobial fuel cells. 615 7$aRenewable energy sources$xGovernment policy. 615 7$aSewage$xPurification. 700 $aBirch$b Amanda Sue$01410366 712 02$aAir University (U.S.).$bAir Command and Staff College, 712 02$aAir University (U.S.).$bPress, 801 0$bAD# 801 1$bAD# 801 2$bOCLCQ 801 2$bOCLCO 801 2$bOCLCF 801 2$bOCLCQ 801 2$bGPO 801 2$bMERUC 801 2$bAZP 801 2$bTFW 801 2$bOCLCQ 801 2$bOCLCO 801 2$bOCL 801 2$bLWA 801 2$bINT 801 2$bOCLCQ 801 2$bOCLCO 801 2$bGPO 906 $aBOOK 912 $a9910708061603321 996 $aWaste to watts and water$93498876 997 $aUNINA LEADER 03709nam 2200745 450 001 9910780537703321 005 20230912141330.0 010 $a1-282-03701-3 010 $a9786612037016 010 $a1-4426-7363-X 024 7 $a10.3138/9781442673632 035 $a(CKB)2430000000001333 035 $a(EBL)3257955 035 $a(SSID)ssj0000293117 035 $a(PQKBManifestationID)11212727 035 $a(PQKBTitleCode)TC0000293117 035 $a(PQKBWorkID)10273576 035 $a(PQKB)11780066 035 $a(CaBNvSL)thg00600588 035 $a(DE-B1597)464377 035 $a(OCoLC)944178195 035 $a(DE-B1597)9781442673632 035 $a(Au-PeEL)EBL4671405 035 $a(CaPaEBR)ebr11257115 035 $a(OCoLC)821817327 035 $a(MdBmJHUP)musev2_104640 035 $a(VaAlCD)20.500.12592/097j8x 035 $a(schport)gibson_crkn/2009-12-01/6/417920 035 $a(MiAaPQ)EBC4671405 035 $a(MiAaPQ)EBC3257955 035 $a(EXLCZ)992430000000001333 100 $a20160922h19991999 uy 0 101 0 $aeng 135 $aur|n|---||||| 181 $ctxt 182 $cc 183 $acr 200 10$aCrossword Italian! $ehave fun learning Italian by solving crossword puzzles /$fMarcel Danesi 210 1$aToronto, [Ontario] ;$aBuffalo, [New York] ;$aLondon, [England] :$cUniversity of Toronto Press,$d1999. 210 4$dİ1999 215 $a1 online resource (253 p.) 225 0 $aToronto Italian Studies 300 $aDescription based upon print version of record. 311 $a0-8020-4430-1 327 $tFrontmatter -- $tContents -- $tPreface -- $tAbout this Book -- $tPronunciation and Spelling -- $tComunicazione di base (Basic Communication) -- $tLe ore, il tempo, la gente (Time, Weather, People) -- $tInterazioni (Interactions) -- $tVita quotidiana (Daily Life) -- $tIn giro (Getting Around) -- $tPassatempo e vacanze (Hobbies and Vacations) -- $tAnswers -- $tOutline of Language Topics -- $tIrregular Verbs -- $tItalian-English Glossary -- $tEnglish-Italian Glossary 330 $aDesigned to teach the basic elements of the Italian language, this book is a breakthrough in the field of language studies. Its easy, stimulating, and enjoyable approach to learning Italian will benefit beginners and more advanced speakers alike.An opening chapter on Italian spelling and pronunciation is followed by thirty lessons, each one introducing a conversational theme centred around a crossword puzzle. The lessons present new words and expressions, sample conversations, and language notes, each one building on the last and presenting puzzles that are progressively more challenging. A number of chapters designed as reviews include word-search puzzles and anagrams. Answers are at the back, along with verb conjugation charts and language glossaries.An ideal learning tool for anyone who has little time for serious study but can always find a minute to do a crossword puzzle, this book will also provide an excellent course supplement at both high-school and university levels. 410 0$aToronto Italian studies 606 $aCrossword puzzles 606 $aItalian language$xVocabulary$vProblems, exercises, etc 608 $aLivres numeriques. 608 $aProblems and exercises. 608 $aProblems and exercises. 608 $ae-books. 608 $aElectronic books. 615 0$aCrossword puzzles. 615 0$aItalian language$xVocabulary 676 $a793.732 700 $aDanesi$b Marcel$0166452 801 0$bMiAaPQ 801 1$bMiAaPQ 801 2$bMiAaPQ 906 $aBOOK 912 $a9910780537703321 996 $aCrossword Italian$93673205 997 $aUNINA